Discrimination between Atlantic Salmon (<Salmon salar>) of North American and European origin using restriction analyses of mitochondrial DNA (Registro nro. 10980)

Detalles MARC
000 -CABECERA
Campo de control 007370000a22002170004500
090 ## - CLASIFICACIÓN LOCAL
Colección AR
Consecutivo 01903
041 0# - IDIOMA
Código de idioma para texto/pista de sonido o título separado
100 1# - ASIENTO PRINCIPAL--NOMBRE PERSONAL
Nombre personal Bermingham, Eldredge
245 10 - MENCION DE TITULO
Título Discrimination between Atlantic Salmon (<Salmon salar>) of North American and European origin using restriction analyses of mitochondrial DNA
650 14 - ASIENTO SECUNDARIO DE MATERIA - TERMINO TEMATICO
Término temático o nombre geográfico como elemento de entrada Análisis genético
650 14 - ASIENTO SECUNDARIO DE MATERIA - TERMINO TEMATICO
Término temático o nombre geográfico como elemento de entrada Peces
650 14 - ASIENTO SECUNDARIO DE MATERIA - TERMINO TEMATICO
Término temático o nombre geográfico como elemento de entrada Variaciones genética
651 #4 - ASIENTO SECUNDARIO DE MATERIA - NOMBRE GEOGRAFICO
-- América
651 #4 - ASIENTO SECUNDARIO DE MATERIA - NOMBRE GEOGRAFICO
-- Europa
653 ## - TERMINO DE INDIZACION - NO CONTROLADO
-- Salmo
-- Salmo salar
700 1# - ASIENTO SECUNDARIO - NOMBRE PERSONAL
Nombre personal Forbes, Stephen H.
700 1# - ASIENTO SECUNDARIO - NOMBRE PERSONAL
Nombre personal Friedland, Kevin
700 1# - ASIENTO SECUNDARIO - NOMBRE PERSONAL
Nombre personal Pla, Carles
773 1# - Item fuente:
Título Canadian Journal Aquatic Sciences
Especificación de materiales 636
Paginas del Articulo 884-893
Lugar, editorial y fecha de publicación 1991
Información sobre la relación 48
942 ## - ELEMENTOS ADICIONALES (KOHA)
Tipo de ítem Artículo
Existencias
Withdrawn status Lost status Damaged status No para préstamo Colección Ubicación Permanente Ubicación actual Fecha de adquisición Datos de publicación Seriada Total Checkouts Número topográfico Inventario / Código de Barras Date last seen Ejemplar Price effective from Forma de adquisición Tipo de material
      No para Préstamo Hemeroteca Bogotá Bogotá 27/02/2015 Fuera de circulación   AR 01903 012272 25/03/2015 1 25/03/2015   Artículo